Đo lường, điều khiển bằng máy tính/Nguyễn Đức Thành
DT Lập trình ghép nối máy tính và ngoại vi
Salvato in:
| Autore principale: | |
|---|---|
| Natura: | Libro |
| Lingua: | Undetermined |
| Pubblicazione: |
Tp.HCM
Đại học quốc gia Tp.HCM
2005
|
| Soggetti: | |
| Accesso online: | http://lrc.tdmu.edu.vn/opac/search/detail.asp?aID=2&ID=3348 |
| Tags: |
Aggiungi Tag
Nessun Tag, puoi essere il primo ad aggiungerne! !
|
| Thư viện lưu trữ: | Trung tâm Học liệu Trường Đại học Thủ Dầu Một |
|---|
| LEADER | 00773nam a2200193Ia 4500 | ||
|---|---|---|---|
| 001 | TDMU_3348 | ||
| 008 | 210410s9999 xx 000 0 und d | ||
| 082 | |a 629.80285 | ||
| 090 | |b NG527 | ||
| 100 | |a Nguyễn, Đức Thành | ||
| 245 | 0 | |a Đo lường, điều khiển bằng máy tính/Nguyễn Đức Thành | |
| 260 | |a Tp.HCM | ||
| 260 | |b Đại học quốc gia Tp.HCM | ||
| 260 | |c 2005 | ||
| 300 | |a 387tr. | ||
| 520 | |a DT Lập trình ghép nối máy tính và ngoại vi | ||
| 650 | |a Đo lường |x Ứng dụng công nghệ thông tin; Điều khiển tự động | ||
| 856 | |u http://lrc.tdmu.edu.vn/opac/search/detail.asp?aID=2&ID=3348 | ||
| 980 | |a Trung tâm Học liệu Trường Đại học Thủ Dầu Một | ||